000 00613nam a2200205Ia 4500
005 20250923144628.0
008 008 250917s9999 xx 000 0 eng d
037 _aTextual
040 _aDSWL
_beng
_cDSWL
041 _aeng
_2eng
084 _aY173(Q7).2.L4, J8
_qDSWL
100 _aYasin, Mohammad
_9826797
245 0 _aSocial history of Islamic India, 1605-1748
_cby Mohammad Yasin
260 _aLucknow
_bUppar India Pub. House Ltd.
_c1958
300 _axiv+234p.
365 _aINR
_b15
925 _g15
942 _cTEXL
_hY173(Q7).2.L4, J8
999 _c1441363
_d1441363